The Negro problem solved, or, Africa as she was, as she is, and as she shall be : her curse and her cure /

Bibliographic Details
Main Author: Read, Hollis, 1802-1887 (Author)
Format: eBook
Language:English
Published: New York : A.A. Constantine, 1864.
Series:Slavery in America and the world: history, culture & law.
Subjects:
Online Access:Connect to the full text of this electronic book

MARC

Tag First Indicator Second Indicator Subfields
LEADER 00000cam a2200000 i 4500
001 in00004409721
005 20210123192330.0
006 m fo d
007 cr bn nnnauuuu
008 161219s1864 nyuaf o 000 0 eng d
035 |a ccn00783121 
040 |a NjRocCCS  |b eng  |e rda  |c NjRocCCS 
043 |a f------ 
050 4 |a E448  |b .R43 1864 
100 1 |a Read, Hollis,  |d 1802-1887,  |e author. 
240 1 0 |a Negro problem solved 
245 1 4 |a The Negro problem solved, or, Africa as she was, as she is, and as she shall be :  |b her curse and her cure /  |c by Rev. Hollis Read. 
246 3 0 |a Africa as she was, as she is, and as she shall be 
246 1 7 |a Great Negro problem solved 
264 1 |a New York :  |b A.A. Constantine,  |c 1864. 
264 2 |a [Getzville, New York] :  |b William S. Hein and Company,  |c [2016] 
300 |a 1 online resource (418 pages, 4 unnumbered leaves of plates) :  |b illustrations. 
336 |a text  |b txt  |2 rdacontent 
337 |a computer  |b c  |2 rdamedia 
338 |a online resource  |b cr  |2 rdacarrier 
490 1 |a HeinOnline slavery in America and the world: history, culture & law 
588 |a Description based on PDF title page, viewed December 19, 2016. 
650 0 |a African Americans  |x Colonization  |z Africa. 
655 7 |a Electronic books.  |2 local 
830 0 |a Slavery in America and the world: history, culture & law. 
856 4 0 |u http://proxy.library.tamu.edu/login?url=https://www.heinonline.org/HOL/Page?handle=hein.slavery/neprobslvd0001&id=1&size=2&collection=slavery&index=slavery  |z Connect to the full text of this electronic book  |t 0 
949 |a E 448 .R43 1864  |w LC  |c 1  |i 783121-1001  |d 5/19/2017  |l MAIN  |m HEN  |q 1  |r Y  |s Y  |t WEB  |u 12/19/2016  |x ENG  |z F 
999 f f |s 81d998d1-709c-36b2-a343-d1f59fc42675  |i 33ba8f6d-be3a-36d8-8d9e-75e080939a77  |t 0 
952 f f |a Texas A&M University  |b College Station  |c Electronic Resources  |d Available Online  |t 0  |e E448 .R43 1864  |h Library of Congress classification 
998 f f |a E448 .R43 1864  |t 0  |l Available Online